000 00504nam a2200145 4500
999 _c515024
_d515024
082 _aTNC A6x5434 G123
100 _aGahlot, Sukhvir Singh
_920097
245 _aFreedom struggle in Rajasthan:
_bsome aspects
_cby Sukhvir Singh Gahlot
260 _aJodhpur
_bResearch Publishers
_c1986
300 _a68p.
650 _aRajasthan (India) -- History.
_920098
650 _aIndia -- History -- Autonomy and independence movements
_920099
650 _aAutonomy and independence movements
_920100
942 _2ddc